=LDR 00000nam 2200000 4500 =001 INLIS000000000041546 =005 20130612151056 =008 ***********************************ind** =035 ##$$0010-061300000041546 =041 ##$$a ind =082 ##$$a 611.4 =090 ##$$a 611.4, Ran 4 =100 ##$$a Ranakusuma, R. Boedisantos0 =245 ##$$a Buku Ajar Praktek, Metabolik Endokrinologi Rongga Mulut, R. Boedisantoso Ranakusuma =300 ##$$a 170 hl;m, ilus, 22 cm =850 ##$$a NBPNMAT